| 000 | 00843cam a2200265 a 4500 | ||
|---|---|---|---|
| 999 |
_c533848 _d533848 |
||
| 001 | 3804220 | ||
| 003 | NUST | ||
| 005 | 20200122121117.0 | ||
| 008 | 850219t19851967nyu 000 1 eng | ||
| 010 | _a 85004390 | ||
| 020 |
_a9780007282241 _cRs. 260 |
||
| 038 | _aMSOHAIL | ||
| 040 |
_aDLC _cDLC _dDLC |
||
| 050 | 0 | 0 |
_aPR6005.H66 _bE5 1985 |
| 082 | 0 | 0 |
_a823.912 _bCHR |
| 100 | 1 |
_aChristie, Agatha, _d1890-1976. _92976 |
|
| 245 | 1 | 0 |
_aEndless night / _cAgatha Christie. |
| 250 | _aWinterbrook ed., 1st ed. | ||
| 260 |
_aNew York : _bDodd, Mead, _c1967. |
||
| 300 |
_a303 p. ; _c22 cm. |
||
| 655 | 7 |
_aDetective and mystery stories. _2gsafd _92977 |
|
| 856 | 4 | 2 |
_3Contributor biographical information _uhttp://www.loc.gov/catdir/enhancements/fy1209/85004390-b.html |
| 906 |
_a7 _bcbc _corignew _d1 _eocip _f19 _gy-gencatlg |
||
| 942 |
_2ddc _cBK |
||